Présidents (-tes) de Banque centrale américaine - Statistiques

Statistiques générales
  • Ce quiz a été pris 2 fois
  • Le résultat moyen est 4 sur 16
Statistiques - réponses
Mandat Réponse % Correct
2018- Jerome Hayden Powell|Jerome Powell
100%
1979-1987 Paul Adolph Volcker|Paul Volcker
100%
1987-2006 Alan Greenspan
50%
2006-2014 Ben Shalom Bernanke|Ben Bernanke
50%
2014-2018 Janet Yellen
50%
1970-1978 Arthur Frank Burns|Arthur F. Burns
0%
1914-1916 Charles Sumner Hamlin
0%
1923-1927 Daniel Richard Crissinger
0%
1930-1933 Eugene Isaac Meyer|Eugene Meyer
0%
1933-1934 Eugene Robert Black
0%
1978-1979 George William Miller|G. William Miller
0%
1934-1948 Marriner Stoddard Eccles|Marriner Eccles
0%
1927-1930 Roy Archibald Young|Roy A. Young
0%
1948-1951 Thomas B. McCabe
0%
1951-1970 William McChesney Martin Jr.|William McChesney Martin
0%
1916-1922 William P. G. Harding|William Proctor Gould Harding
0%
Aucun quiz correspondant
Distribution des résultats
% des personnes avec chaque résultat
Percentile par nombre de réponses
Votre historique - résultats
Vous n’avez pas pris ce quiz